000 01213nam a22002777a 4500
005 20101206113148.0
008 101206t xxu||||| |||| 00| 0 hin d
010 _aHIN-93233
020 _c250.00
_a9789380050256
035 _aHN-65579
037 _bDBAD/PUB
040 _aDPL
_bHN
082 _a820.9
100 _924598
_aश्रीवास्तव, परमानंद
245 _aउत्तर औपनिवेशिक समय में साहित्य /
_cपरमानंद श्रीवास्तव
246 _aUttar Opnivesik sama men shaitya
_bby Parmanand Srivastava
260 _aगाजियाबाद
_bअमित प्रकाशन
_c2011
270 _bगाजियाबाद
_aके.बी.97, कविनगर
_e201002
300 _a183पृ.
_c22सेमी (सजिल्द)
650 _91169
650 _929580
700 _924599
700 _924924
942 _2ddc
_cHN
_mश्रीवास्त
_h820.9
999 _c53949
_d53949